01126nab a22002537a 4500003000400000005001700004008004100021040000700062100002000069245013400089260007300223300001500296500003800311505009300349505008200442650001800524650001800542650005200560650003200612650002500644650003000669650001900699773015400718OSt20251223003033.0190429b xxu||||| |||| 00| 0 spa d cPJ aFrega, Leonardo13aEl derecho a ser oído. Ropaje convencional protectorio del niño e inhibitorio de la persecución penal / cLeonardo Frega.  cCiudad Autónoma de Buenos Aires :aThomson Reuters La Ley, b2025. ap. 225-228 aCita: TR LALEY AR/DOC/2853/2025.  aFallo comentado: Juzg. Resp. Pen. Juv. Catamarca Nro 1 ~ 07/05/2025 ~ Expte. N.° 20/25. tSi te interesa el texto completo, solicitalo a koha@justierradelfuego.gov.ar  0aDERECHO PENAL 0aPROCESO PENAL 0aDERECHOS DE LAS NIÑAS, NIÑOS Y ADOLESCENTES 0aINTERES SUPERIOR DEL NIÑO 0aDERECHO A SER OÍDO 0aDECLARACIÓN INDAGATORIA 0aLESIONES LEVES0 02658tRevista de derecho penal y criminología. Nº 11 - Diciembre 2025dCiudad Autónoma de Buenos Aires : Thomson Reuters La Ley, 2017-x00347914